| 000 | ncm a22 a 4500 | ||
|---|---|---|---|
| 999 |
_c317511 _d317511 |
||
| 003 | BLK | ||
| 005 | 20220211134018.0 | ||
| 008 | 180414b bul |a|er|||| |0| c|bulo| | ||
| 010 | _aNOT00003331000 | ||
| 040 | _aBLK | ||
| 041 |
_aBUL _cBUL |
||
| 080 |
_aВокална музика _b784 _x(497.215) _z784(497.215) |
||
| 100 | 1 |
_aТодорова, Славка Р. _eпърви автор _9362977 |
|
| 139 |
_aТодорова, Славка Р. _bТ 64 |
||
| 245 | 1 | 0 |
_aПесни от душа _cСлавка Р. Тодорова. |
| 257 | _aBGR | ||
| 260 |
_c2010 _aРусе |
||
| 380 | _a7 | ||
| 505 | _tЧуден град | ||
| 505 | _tРусе | ||
| 505 | _tДружба - квартал млад | ||
| 505 |
_gНа Уста Кольо Фичето _tБългарско знаме |
||
| 505 |
_gМуз. балада за Баба Тонка _tМайка бунтовница |
||
| 505 | _tРодила ме мама | ||
| 505 | _tРусенска девойка | ||
| 505 | _tРусчуклийка | ||
| 505 | _tПущи ма, мале | ||
| 505 | _tЛеле - мале | ||
| 505 | _tЦвето моме | ||
| 505 | _tЕдна е баба | ||
| 505 | _tХайде на лозе | ||
| 505 | _tСирни заговезни | ||
| 505 | _tКоледа | ||
| 505 | _tШанс за всеки | ||
| 852 |
_aЦб М 2016 _p17 |
||
| 852 | _aК 78/С 64 | ||
| 856 | 4 |
_qpdf _u |
|
| 856 | 4 |
_qpdf _u |
|
| 942 |
_cNOT _n0 _s1 |
||
| 944 |
_aCR _c23.03.2012 _kВаля_Йорданова |
||
| 944 |
_aED _c23.03.2012 |
||
| 944 |
_aED _c2020-04-01 _kРенета Константинова |
||
| 999 | _d317511 | ||
| 999 | _d317511 | ||
| 999 | _d317511 | ||